000 00609nam a2200217Ia 4500
005 20260429112056.0
008 260429s9999||||xx |||||||||||||| ||und||
020 _a9788132105770
041 _aEnglish
082 _a650.072
_bPOL
100 _aPolonsky, Michael Jay
245 0 _aDesigning and managing a research project :
_ba business student's guide /
_cMichael Jay Polonsky
250 _a1st ed.
260 _aNew Delhi :
_bSage,
_c2024.
300 _axi, 212 p.; pbk
650 _a Design
650 _a Management
650 _aResearch project
700 _a Waller, David S.
942 _cTB
999 _c52221
_d52221